| 000 | 01156cam a2200361 c 4500 | ||
|---|---|---|---|
| 001 | a5087 | ||
| 003 | DO-SdBNP | ||
| 005 | 20171121094505.0 | ||
| 007 | a5087 | ||
| 008 | 110721s2011 sp g |||| 000 f spa | ||
| 020 | _a9788466324779 | ||
| 035 | _a | ||
| 040 |
_aBPMSU _bspa _cBPMSU _e |
||
| 080 | _a | ||
| 082 | 4 |
_aPe864.44 _bV297c |
|
| 100 | 1 |
_aVargas Llosa, Mario, _d1936- _4 |
|
| 245 | 1 | 0 |
_aCarta de batalla por Tirant lo Blanc / _h _cMario Vargas Llosa. |
| 250 | _a | ||
| 260 |
_aMadrid : _bSantillana, _c2011. |
||
| 300 |
_a109 p. ; _c19 cm. |
||
| 490 | 1 |
_aPunto de lectura. Ensayo _v4/23 |
|
| 500 | _aIncluye datos biográficos del autor | ||
| 586 | _aPremio Nobel de Literatura 2010 | ||
| 600 | 1 | 7 |
_aMARTORELL, JOANOT, _d 1414-1468 _tTIRANT LO BLANC _2 _xCRÍTICA E INTERPRETACIÓN |
| 650 | _aENSAYOS PERUANOS | ||
| 650 | _aLITERATURA PERUANA | ||
| 650 |
_aNOVELA ESPAÑOLA _bHISTORIA Y CRÍTICA |
||
| 650 |
_aLITERATURA ESPAÑOLA _bHISTORIA Y CRÍTICA |
||
| 830 |
_aPunto de lectura. Ensayo _v4/23 |
||
| 942 |
_2ddc _cBK |
||
| 945 | _aInventariado extranjero / 2017 VM | ||
| 956 |
_aVMATEO _b10 _c20160706 _dBPMSU _f0069 |
||
| 999 |
_c10747 _d10747 |
||